| 000 | 01214nam0a2200325 i 4500 | ||
|---|---|---|---|
| 001 | RU\NLR\BIBL_A\010808081 | ||
| 005 | 20240921115640.0 | ||
| 010 |
_a9785000740439 _d3000 |
||
| 021 |
_aRU _b2015-46394 _92762 |
||
| 035 | _a(NILC)RuMoRGB-007962486 | ||
| 035 | _a(NLR Aleph) 010808081 | ||
| 090 |
_a10191567 _c10191567 |
||
| 100 | _a20150723d2015 u y0rusy50 ca | ||
| 101 | 1 |
_arus _ceng |
|
| 102 | _aRU | ||
| 105 | _aa|||z|||000ay | ||
| 200 | 1 |
_aМатушка Западный ветер _e[для чтения взрослыми детям] _fТорнтон У. Берджес _g[пер. с англ. Анны Яковенко] _gхудож.: Екатерина Трифонова |
|
| 210 |
_aМосква _cКарьера Пресс _d2015 |
||
| 215 |
_a91, [3] с. _cил. _d22 |
||
| 333 | _a0+ | ||
| 686 | 0 | _aШ9(7США)60-4 | |
| 700 | 1 |
_7ca _8rus _aБерджес _bТ. У. _f1874-1965 _gТорнтон У. _9149235 _3RU\NLR\AUTH\770149271 |
|
| 702 | 1 |
_aЯковенко _bА. _gАнна _4040 |
|
| 801 | 0 |
_aRU _bРГБ _c20150625 _gRCR |
|
| 942 | _cBOOK | ||
| 980 | _aNBR | ||